Governar la crisi económica /
Tallennettuna:
| Päätekijä: | |
|---|---|
| Muut tekijät: | |
| Aineistotyyppi: | Teksti |
| Tagit: |
Lisää tagi
Ei tageja, Lisää ensimmäinen tagi!
|
MARC
| LEADER | 00000 a a2200000 04500 | ||
|---|---|---|---|
| 001 | 43841 | ||
| 003 | |||
| 040 | |||
| 100 | |a Matas Dalmases, Jordi | ||
| 245 | |a Governar la crisi económica / |c Jordi Matas Dalmases ; Josep M. Reniu Vilamala | ||
| 700 | |a Reniu Vilamala, Josep M. | ||
| 773 | |g número3 ( , 2009), páginas 67-102 : tablas, gráficos | ||
| 999 | |c 37215 |d 37215 | ||
